000 01026naa a22002777a 4500
001 BR9205359
003 BR-BrBNA
005 20240918180751.0
007 ta
008 230509b bl.||||| |||| 00| 0 por d
040 _aBR-BrBNA
_bpor
_cBiblioteca Nacional de Agricultura
041 _a(Pt)
072 _aF30
_b1300
090 _aF30 BR9205359
100 1 _aGiordano, L. de B.
111 1 _a31. Congresso Brasileiro de Olericultura
_cBelo Horizonte, MG (Brazil)
_d15-20 Jul 1991
245 1 _aCultivares de hortalicas desenvolvidas pela pesquisa nacional
260 3 _aBelo Horizonte, MG (Brasil):
_c1991.
500 _a31. Congresso Brasileiro de Olericultura. Palestras Belo Horizonte, MG (Brasil): 1991. p. 119-156 (BR9205359-AM)F30
650 _aHORTALICA
650 _aVARIEDADE
650 _aCRUZAMENTO VEGETAL
773 0 _t31. Congresso Brasileiro de Olericultura. Palestras
_wF30 BR9205359
_gBelo Horizonte, MG (Brasil), 1991. p. 119-156
909 _a202404
_bLucia
_c55
_dLucia Elande
942 _cAM
_2AGRIS
999 _c321965
_d321965